Normal view
MARC view
- Finkelstein, Anthony
Entry Personal Name
001 - CONTROL NUMBER
- control field: 40929
003 - CONTROL NUMBER IDENTIFIER
- control field: OSt
005 - DATE AND TIME OF LATEST TRANSACTION
- control field: 20160828122022.0
008 - FIXED-LENGTH DATA ELEMENTS
- fixed length control field: 160828|| aca||aabn | a|a d
040 ## - CATALOGING SOURCE
- Original cataloging agency: OSt
100 1# - HEADING--PERSONAL NAME
- Personal name: Finkelstein, Anthony
- Dates associated with a name: 1959-